000 00474nam a2200157 4500
005 20260424225759.0
008 -
040 _aBiblioteca LadoV Teorética
_cBiblioteca LadoV Teorética
082 0 4 _a741.56
_bT314v
100 1 _aTeo, Diego
245 1 2 _aY volvieron lxs fantasmas… /
_cpor Diego Teo
260 1 _aMéxico :
_bCooperativa Cráter Invertido,
_c2017
300 _a50 páginas :
_bdibujo a color ;
_c27.5 x 19 cm.
650 7 _2UNESCO
_aCÓMIC
942 _2ddc
_c1
_n0
999 _c4656
_d4656